000 00573nam a2200193Ia 4500
005 20250326144445.0
008 250326s9999 xx 000 0 und d
037 _aTextbook
040 _aFMSL
_beng
_cFMSL
041 _aeng
_2eng
084 _aX:8 P9
_qFMSL
100 _aGordon A
_9749685
245 0 _aFuture savvy : identifying trends to make better decisions, manage uncertainty and profit from change
_cGordon A
260 _aNY
_bNY, AMACOM
_c2009
365 _b1211.8215
650 _aManagement
942 _cTB
_hX:8 P9
999 _c1303763
_d1303763